Aktuálne zdroje zvyšovania konkurencieschopnosti a získania udržateľnej konkurenčnej výhody podnikateľských subjektov zborník vedeckých statí
Saved in:
| Corporate Author: | |
|---|---|
| Other Authors: | , , , |
| Format: | Book |
| Language: | Slovak |
| Published: |
Bratislava
Vydavateľstvo EKONÓM
2011
|
| Subjects: | |
| Tags: |
No Tags, Be the first to tag this record!
|
MARC
| LEADER | 00000nam a2200000 4500 | ||
|---|---|---|---|
| 001 | 0146340 | ||
| 005 | 20240524065300.0 | ||
| 020 | |a 978-80-225-3353-9 | ||
| 041 | 0 | |a slo | |
| 044 | |a SK | ||
| 245 | 1 | 0 | |a Aktuálne zdroje zvyšovania konkurencieschopnosti a získania udržateľnej konkurenčnej výhody podnikateľských subjektov |b zborník vedeckých statí |c Zborník zostavili: Lucia Folvarčíková, Mária Vasiľová |
| 264 | 1 | |a Bratislava |b Vydavateľstvo EKONÓM |c 2011 | |
| 300 | |a 88 s. | ||
| 610 | 2 | 0 | |a konkurencieschopnosť |
| 610 | 2 | 0 | |a podnikanie medzinárodné |
| 610 | 2 | 0 | |a marketing |
| 610 | 2 | 0 | |a prostredie životné |
| 610 | 2 | 0 | |a komunikácia marketingová |
| 610 | 2 | 0 | |a zodpovednosť spoločenská |
| 610 | 2 | 0 | |a podnik malý |
| 610 | 2 | 0 | |a podnik stredný |
| 610 | 2 | 0 | |a logistika |
| 610 | 2 | 0 | |a starostlivosť o zákazníkov |
| 700 | 1 | |a Folvarčíková, Lucia, 1982- | |
| 700 | 1 | |a Vasiľová, Mária, 1985- | |
| 700 | 1 | |a Lipianska, Júlia | |
| 700 | 1 | |a Michalková, Lucia | |
| 710 | 2 | |a Obchodná fakulta EU. Katedra marketingu | |